|
|
|
|
| LEADER |
00000nab a2200000 a 4500 |
| 001 |
vtls009007197 |
| 003 |
SK-MaSNL |
| 005 |
20260303065436.0 |
| 008 |
140328c2007 xo zr|p|||||||000 b|slo |
| 015 |
|
|
|a SNBRB2007/07
|2 snkbucl
|
| 038 |
|
|
|a SNKBUCL
|
| 040 |
|
|
|a SNKBUCL
|b slo
|c SNKBUCL
|e AACR2
|
| 041 |
0 |
|
|a slo
|
| 044 |
|
|
|a xo
|c SK
|
| 080 |
|
|
|a 7.05:06.068
|x (437.3)
|2 2001
|
| 080 |
|
|
|a 06.068:7.05
|x (437.3)
|2 2001
|
| 100 |
1 |
|
|a Elfmark, Ondřej
|4 aut
|9 1048285
|
| 245 |
1 |
0 |
|a Czech Grand Design 2006
|c Ondřej Elfmark
|
| 300 |
|
|
|b Fotogr.
|
| 650 |
0 |
7 |
|a Czech Grand Design
|y za r. 2006
|2 snkbucl
|9 1065498
|
| 650 |
0 |
7 |
|a ceny za dizajn
|2 snkbucl
|9 851472
|
| 650 |
0 |
7 |
|a český dizajn
|2 snkbucl
|9 1037413
|
| 773 |
0 |
|
|t Designum
|g Roč. XIII, č. 2 (2007), s. 16-17
|x 1335-034X
|
| 852 |
|
|
|a SNK
|b KIS3GCP
|
| 958 |
|
|
|a CZ
|
| 999 |
|
|
|c 1751206
|d 1753136
|